000 00593nam a2200229Ia 4500
003 OSt
005 20220918175224.0
006 a|||||r|||| 00| 0
007 ta
008 220917b |||||||| |||| 00| 0 eng d
024 _a16,228
037 _cTextual
040 _aARTS
_cARTS
_beng
041 _2eng
_aeng
082 _aO:1x0Y111, J3
100 _aSmith Janet Adam comp
_953326
245 0 _aFaber book of children's verse
260 _c1953
650 _aENGLISH LITERATURE
942 _hO:1x0Y111, J3
_cTEXL
_2CC
999 _c156612
_d156612